[Event "Reykjavik op"]
[Site "Reykjavik"]
[Date "2015.03.16"]
[Round "8"]
[White "Christiansen, Johan Sebastian"]
[Black "Rombaldoni, Axel"]
[Result "1-0"]
[WhiteElo "2351"]
[BlackElo "2488"]
[PlyCount "69"]
[EventDate "2015.03.10"]
[EventType "swiss"]
[EventRounds "10"]
[EventCountry "ISL"]
[SourceTitle "CBM 165 Extra"]
[Source "ChessBase"]
[SourceDate "2015.04.21"]
[SourceVersion "1"]
[SourceVersionDate "2015.04.21"]
[SourceQuality "1"]

1. Nf3 b6 2. g3 Bb7 3. Bg2 g6 4. c4 Bg7 5. Nc3 f5 6. d4 Nf6 7. d5 Na6 8. Bf4 0-0 9. Qc2 e6 10. 0-0 Nh5 11. Bg5 Qe8 12. d6 h6 13. Be7 Rf7 14. Nb5 Kh8 15. Ne5 Bxg2 16. Nxf7+ Qxf7 17. Kxg2 c6 18. Nc3 e5 19. b3 Nc5 20. Rad1 Re8 21. b4 Ne6 22. Qa4 e4 23. Rc1 g5 24. Qxa7 Nhf4+ 25. Kh1 Bxc3 26. Rxc3 Nxe2 27. Re3 N2d4 28. Qxd7 Rg8 29. f4 gxf4 30. gxf4 Nf3 31. Rfxf3 exf3 32. Qxe6 Qxe6 33. Rxe6 f2 34. Rxh6+ Kg7 35. Kg2 1-0

[Event "Reykjavik op"]
[Site "Reykjavik"]
[Date "2015.03.11"]
[Round "2"]
[White "Arnold, Max"]
[Black "Rombaldoni, Axel"]
[Result "0-1"]
[WhiteElo "2189"]
[BlackElo "2488"]
[PlyCount "120"]
[EventDate "2015.03.10"]
[EventType "swiss"]
[EventRounds "10"]
[EventCountry "ISL"]
[SourceTitle "CBM 165 Extra"]
[Source "ChessBase"]
[SourceDate "2015.04.21"]
[SourceVersion "1"]
[SourceVersionDate "2015.04.21"]
[SourceQuality "1"]

1. e4 c5 2. Nf3 d6 3. d4 cxd4 4. Nxd4 Nf6 5. f3 e6 6. c4 Be7 7. Nc3 0-0 8. Be2 Re8 9. 0-0 a6 10. Be3 Qc7 11. Qd2 b6 12. Rfc1 Bb7 13. a4 Nbd7 14. a5 bxa5 15. Nb3 Rab8 16. Nxa5 Ba8 17. b4 d5 18. cxd5 Bxb4 19. Nc6 Bxc6 20. dxc6 Nc5 21. Qa2 Qxc6 22. Qc4 Rec8 23. Na4 Nfd7 24. Nxc5 Nxc5 25. Rc2 a5 26. Rac1 Qb7 27. Qa2 Nd7 28. Rxc8+ Rxc8 29. Rxc8+ Qxc8 30. Qc4 Qxc4 31. Bxc4 a4 32. Kf1 Bd6 33. Ke2 a3 34. f4 e5 35. f5 Bc5 36. Bc1 Nf6 37. Kd3 Ng4 38. Bd5 Nxh2 39. Kc2 Ng4 40. Kb3 h5 41. Bg5 Kf8 42. Bc6 Nf2 43. Ka2 Ng4 44. Ba4 g6 45. fxg6 fxg6 46. Bd1 Nf2 47. Bc2 Kg7 48. Kb3 Kf7 49. Ka2 Be7 50. Bd2 g5 51. Be1 Ng4 52. Bd1 Nf6 53. g3 g4 54. Bc2 Bc5 55. Bc3 Ke6 56. Be1 Kd6 57. Kb3 Nh7 58. Bb1 Ng5 59. Bc3 h4 60. gxh4 g3 0-1

[Event "Reykjavik op"]
[Site "Reykjavik"]
[Date "2015.03.10"]
[Round "1"]
[White "Rombaldoni, Axel"]
[Black "Korning, Peter"]
[Result "1-0"]
[WhiteElo "2488"]
[BlackElo "1944"]
[PlyCount "89"]
[EventDate "2015.03.10"]
[EventType "swiss"]
[EventRounds "10"]
[EventCountry "ISL"]
[SourceTitle "CBM 165 Extra"]
[Source "ChessBase"]
[SourceDate "2015.04.21"]
[SourceVersion "1"]
[SourceVersionDate "2015.04.21"]
[SourceQuality "1"]

1. Nf3 d5 2. d4 c5 3. dxc5 e6 4. e4 Bxc5 5. exd5 exd5 6. Nbd2 Qb6 7. Qe2+ Ne7 8. Nb3 Bd6 9. Be3 Qc7 10. Nfd4 a6 11. Qh5 Nbc6 12. Be2 Bd7 13. 0-0 0-0 14. Rad1 Rad8 15. c3 Bc8 16. Bc1 Rfe8 17. Bd3 g6 18. Qh4 Ne5 19. Bb1 N7c6 20. Bg5 Be7 21. Rde1 Bxg5 22. Qxg5 Ng4 23. Qh4 Kg7 24. f3 Ne3 25. Nxc6 bxc6 26. Qd4+ Qe5 27. Qxe5+ Rxe5 28. Rf2 Nc4 29. Rxe5 Nxe5 30. Re2 Kf6 31. Na5 Rd6 32. b4 Bf5 33. Bxf5 Kxf5 34. Nb3 Nc4 35. Re7 f6 36. Kf2 Nb2 37. Nd4+ Kg5 38. Rxh7 f5 39. f4+ Kxf4 40. Nf3 Nd1+ 41. Ke2 Nxc3+ 42. Kd3 g5 43. Kxc3 Ke3 44. Nd4 Rf6 45. Rh5 1-0

[Event "EU-ch 16th"]
[Site "Jerusalem"]
[Date "2015.03.08"]
[Round "11"]
[White "Rombaldoni, Axel"]
[Black "Andriasian, Zaven"]
[Result "1-0"]
[WhiteElo "2488"]
[BlackElo "2612"]
[PlyCount "71"]
[EventDate "2015.02.24"]
[EventType "swiss"]
[EventRounds "11"]
[EventCountry "ISR"]
[SourceTitle "CBM 166"]
[Source "ChessBase"]
[SourceDate "2015.05.11"]
[SourceVersion "1"]
[SourceVersionDate "2015.05.11"]
[SourceQuality "1"]

1. e4 g6 2. d4 Bg7 3. Nf3 d6 4. Nc3 Nf6 5. Bg5 h6 6. Bxf6 Bxf6 7. e5 Bg7 8. Bc4 e6 9. h4 Nc6 10. Qe2 d5 11. Bb5 Bd7 12. a3 Qe7 13. 0-0-0 a6 14. Bd3 Na5 15. Rh3 b5 16. Qe1 Nc4 17. Bxc4 bxc4 18. h5 Kd8 19. Rg3 Be8 20. Ne4 dxe4 21. Qxe4 Rb8 22. hxg6 c3 23. b4 fxg6 24. d5 exd5 25. Rxd5+ Kc8 26. Nd4 Rf8 27. f4 Rf6 28. Rxc3 Rfb6 29. Rdc5 R8b7 30. Nb3 Bf8 31. Na5 Ra7 32. Qd4 Qe6 33. Rd5 Be7 34. Rd6 Bxd6 35. Qxb6 Ra8 36. Rxc7+ 1-0